Obra completa de equitación (Record no. 155436)

MARC details
000 -LEADER
campo de control de longitud fija 00741nam a22001815i 4500
001 - NÚMERO DE CONTROL
campo de control 155436
003 - IDENTIFICADOR DE NÚMERO DE CONTROL
campo de control ES-MaACL
005 - FECHA Y HORA DE LA ÚLTIMA TRANSACCIÓN
campo de control 20230906210056.0
008 - DATOS DE LONGITUD FIJA--INFORMACIÓN GENERAL
campo de control de longitud fija 011108s1883 sp af |||| | spa d
040 ## - FUENTE DE CATALOGACIÓN
Centro catalogador/agencia de origen CCPB | B
Lengua de catalogación spa
Centro/agencia transcriptor CCPB | B
100 1# - ENTRADA PRINCIPAL--NOMBRE DE PERSONA
Nombre de persona Hidalgo y Terrón, José.
9 (RLIN) 127970
245 10 - MENCIÓN DEL TÍTULO
Título Obra completa de equitación
Resto del título : la mas extensa publicada hasta el dia : dividida en dos tomos ó series y cada serie en dos cursos ... /
Mención de responsabilidad, etc. por José Hidalgo y Terron.
260 ## - PUBLICACIÓN, DISTRIBUCIÓN, ETC.
Lugar de publicación, distribución, etc. Madrid :
Nombre del editor, distribuidor, etc. [s.n.],
Fecha de publicación, distribución, etc. 1883 (
Fabricante R. Velasco)
300 ## - DESCRIPCIÓN FÍSICA
Extensión 2 v. (283, [1] p., [12] h. de grab. ; 295, [2] p., [8] h. de lám. pleg.) ;
Dimensiones 27 cm.
650 #4 - PUNTO DE ACCESO ADICIONAL DE MATERIA--TÉRMINO DE MATERIA
Término de materia o nombre geográfico como elemento de entrada Equitación.
9 (RLIN) 136007
752 ## - ENTRADA AGREGADA--NOMBRE JERÁRQUICO DEL LUGAR
País o entidad superior España -
Ciudad Madrid
852 ## - LOCALIZACIÓN
Ubicación ES-MaACL
Número de control de estantería G-11430-11431
Nota libre -- Enc. pasta
Holdings
Estatus retirado Estado de pérdida Estado de daño No para préstamo Colección Biblioteca de origen Biblioteca actual Ubicación en estantería Fecha de adquisición Fuente de adquisición Total de préstamos Signatura topográfica completa Código de barras Visto por última vez Precio de reemplazo Tipo de ítem Koha
        Libros del s. XIX Biblioteca del Ateneo de Madrid Biblioteca del Ateneo de Madrid Sala Pecera Planta 3 17/01/2008     G-11430-11431 1162590 23/02/2023 23/02/2023 Libro impreso antiguo